[Event "Calcutta op"]
[Site "Calcutta"]
[Date "1996.??.??"]
[Round "4"]
[White "Chiong, Luiz"]
[Black "Howell, James C"]
[Result "0-1"]
[WhiteElo "2390"]
[BlackElo "2490"]

1.d4 Nf6 2.c4 g6 3.Nc3 Bg7 4.e4 d6 5.Nf3 O-O 6.Be2 e5 7.O-O Nc6 8.d5 Ne7
9.Ne1 Ne8 10.Nd3 f5 11.f4 exf4 12.Nxf4 fxe4 13.Nxe4 Nf5 14.Kh1 Nf6 15.Ng5 Ng4
16.Bxg4 Qxg5 17.Ne6 Ng3+ 18.hxg3 Rxf1+ 19.Qxf1 Qxg4 20.Nxg7 Kxg7 21.Bd2 Bf5
22.Bc3+ Kf7 23.Re1 b6 24.Kh2 Re8 25.b3 h5 26.Rxe8 Kxe8 27.Qe1+ Qe4 28.Qf2 a5
29.Bd2 Kd7 30.Bc3 Kc8 31.a3 a4 32.bxa4 Qxc4 33.Qd2 Qxa4 34.Bb4 Qc2 35.Qd4 Be4
36.Bd2 Qd3 37.Qxd3 Bxd3 38.g4 hxg4 39.Kg3 Be4 40.Kxg4 Bxd5 41.Kg5 Be4 42.g4 Kd7
43.Kf4 Bb1 44.Be1 c5 45.Bh4 Ke6 46.Bd8 b5 47.g5 d5  0-1

[Event "Calcutta op"]
[Site "Calcutta"]
[Date "1996.??.??"]
[Round "6"]
[White "Gokhale, Jayant Suresh"]
[Black "Mahmoud, Pe"]
[Result "1/2-1/2"]
[WhiteElo "2375"]
[BlackElo "2220"]

1.d4 Nf6 2.c4 g6 3.Nc3 Bg7 4.e4 d6 5.Nf3 O-O 6.Be2 e5 7.O-O Nc6 8.d5 Ne7
9.Nd2 a5 10.a3 Bd7 11.b3 c6 12.Rb1 b5 13.dxc6 b4 14.axb4 axb4 15.c7 Qxc7
16.Nd5 Nexd5 17.cxd5 Ra2 18.Bd3 Rb8 19.Rb2 Rxb2 20.Bxb2 Be8 21.Nc4 Nd7 22.Bc1 Nc5
23.Be3 Bb5 24.Qc2 Nxd3 25.Qxd3 Bxc4 26.bxc4 Bf6 27.Qb3 Bd8 28.Ra1 Qc8 29.Ra4 f5
30.Rxb4 Ra8 31.h3 f4 32.Bb6 Bxb6 33.Rxb6 Qc5 34.Rb8+ Rxb8 35.Qxb8+ Kg7 36.Qb5 Qa3
37.Qd7+ Kg8 38.Qc8+ Kf7 39.Qe6+ Kg7 40.Qd7+ Kg8 41.Qc8+ Kf7 42.c5 Qc1+ 43.Kh2 Qxc5
44.Qxc5 dxc5 45.Kg1 Ke7 46.Kf1 c4 47.Ke2 Kd6 48.Kd2 Kc5 49.Kc3 g5 50.g3 fxg3
51.fxg3 h5 52.g4 h4 53.Kc2 Kb5 54.Kb2 Kb6 55.Kb1 Kb5 56.Ka1 Ka5 57.Ka2 Ka6
58.Kb2 Kb6 59.Kb1 Kb5 60.Kc1 Ka6  1/2-1/2

[Event "Calcutta op"]
[Site "Calcutta"]
[Date "1996.??.??"]
[Round "9"]
[White "Mahmoud, Pe"]
[Black "Chiong, Luiz"]
[Result "0-1"]
[WhiteElo "2220"]
[BlackElo "2390"]

1.d4 Nf6 2.c4 g6 3.Nc3 Bg7 4.e4 d6 5.Nf3 O-O 6.Be2 e5 7.O-O Nc6 8.d5 Ne7
9.Ne1 Nd7 10.Be3 f5 11.f3 f4 12.Bf2 g5 13.a4 a6 14.b4 Rf6 15.c5 Rh6 16.cxd6 cxd6
17.Nd3 Nf6 18.Re1 Qe8 19.h3 Rg6 20.Nb2 Bd7 21.Nc4 Nc8 22.Kf1 h5 23.Bd3 g4
24.hxg4 hxg4 25.Ke2 Nh7 26.Rh1 Ng5 27.Kd2 g3 28.Be1 Bf6 29.a5 Bd8 30.Na4 Rb8
31.Qb3 Qf8 32.Kc2 Rf6 33.Bc3 Rh6 34.Rxh6  0-1

[Event "Calcutta op"]
[Site "Calcutta"]
[Date "1996.??.??"]
[Round "11"]
[White "Mahmoud, Pe"]
[Black "Khakpoor, Abbas"]
[Result "1/2-1/2"]
[WhiteElo "2220"]
[BlackElo "2200"]

1.d4 Nf6 2.c4 d6 3.Nc3 g6 4.e4 Bg7 5.Nf3 O-O 6.Be2 e5 7.O-O Nc6 8.d5 Ne7
9.Ne1 Nd7 10.Be3 f5  1/2-1/2

[Event "California-ch+"]
[Site "?"]
[Date "1996.??.??"]
[Round "2"]
[White "Silman, Jeremy D"]
[Black "Donaldson, John W"]
[Result "1/2-1/2"]
[WhiteElo "2395"]
[BlackElo "2420"]

1.d4 Nf6 2.c4 g6 3.Nc3 Bg7 4.e4 d6 5.Be2 O-O 6.Nf3 e5 7.O-O Nc6 8.d5 Ne7
9.b4 Nh5 10.g3 f5 11.Ng5 Nf6 12.f3 Kh8 13.Be3 f4 14.Bf2 fxg3 15.hxg3 Bh6
16.Ne6 Bxe6 17.dxe6 Qc8 18.Nd5 Qxe6 19.Nxc7 Qh3 20.Nxa8 Be3 21.Bxe3 Qxg3+
22.Kh1 Qh3+ 23.Kg1 Qg3+  1/2-1/2

[Event "Cannes op"]
[Site "Cannes"]
[Date "1996.??.??"]
[Round "1"]
[White "Bernard, Christophe"]
[Black "Berthelot, Yannick"]
[Result "1-0"]
[WhiteElo "2405"]
[BlackElo "2280"]

1.d4 Nf6 2.Nf3 g6 3.c4 Bg7 4.Nc3 O-O 5.e4 d6 6.Be2 e5 7.O-O Nc6 8.d5 Ne7
9.Nd2 a5 10.a3 Bd7 11.b3 c5 12.Rb1 Ne8 13.b4 b6 14.bxc5 dxc5 15.Qb3 Nc8 16.Nb5 f5
17.Bb2 f4 18.Bc3 Qe7 19.Qb2 Ned6 20.Nxd6 Qxd6 21.Nf3 Re8 22.g3 fxg3 23.fxg3 Qe7
24.Kg2 a4 25.Qc2 Rb8 26.Rb2 Ra8 27.Qd3 Ra6 28.Rfb1 Qd6 29.h4 h6 30.h5 g5
31.Nh2 Rf8 32.Ng4 Ra7 33.Qd1 Kh8 34.Ne3 Ra6 35.Bg4 Bxg4 36.Qxg4 Ne7 37.Qe6 Rf6
38.Qxd6 Rxd6 39.Ng4 Ng8 40.Bxe5 Bxe5 41.Nxe5 Kg7 42.Ng4  1-0

[Event "Cannes op"]
[Site "Cannes"]
[Date "1996.??.??"]
[Round "3"]
[White "Jelen, Igor"]
[Black "Groszpeter, Attila"]
[Result "1-0"]
[WhiteElo "2400"]
[BlackElo "2565"]

1.d4 Nf6 2.c4 g6 3.Nc3 Bg7 4.e4 d6 5.Nf3 O-O 6.Be2 e5 7.O-O Nc6 8.d5 Ne7
9.Nd2 c6 10.dxc6 bxc6 11.b4 d5 12.a4 d4 13.Ncb1 h5 14.Ba3 Re8 15.Qc2 g5 16.c5 Ng6
17.Nc4 Nf4 18.Nd6 Bh3 19.gxh3 Qd7 20.Bc4 d3 21.Bxd3 Qxh3 22.f3 g4 23.Bc4 Kh7
24.Bc1 Bh6 25.Ra3 g3 26.Bxf4 Bxf4 27.Qg2 gxh2+ 28.Kh1 Qxg2+ 29.Kxg2 Rg8+
30.Kh1 Rg3 31.Bxf7 h4 32.Ra2 Rb8 33.b5 Be3 34.Rxh2  1-0

[Event "Cannes Martinez op"]
[Site "Cannes"]
[Date "1996.??.??"]
[Round "7"]
[White "Lenfant, Francois"]
[Black "Mauvary, Etienne"]
[Result "1-0"]
[WhiteElo "2065"]
[BlackElo "2190"]

1.d4 Nf6 2.c4 g6 3.Nc3 Bg7 4.e4 d6 5.Be2 O-O 6.Nf3 e5 7.O-O Nc6 8.d5 Ne7
9.Ne1 Ne8 10.Be3 f5 11.f3 f4 12.Bf2 h5 13.c5 g5 14.a4 Rf7 15.a5 Bf8 16.cxd6 cxd6
17.Nb5 a6 18.Bb6 Qd7 19.Na7 Nf6 20.Nxc8 Nxc8 21.Bf2 Na7 22.Qa4 Qxa4 23.Rxa4 Nd7
24.Nd3 Nb5 25.Rc1 Be7 26.Rac4 Bd8 27.b4 b6 28.Rc8 Rxc8 29.Rxc8 Rf8 30.Nc1 bxa5
31.Bxb5 axb5 32.Rc6 Rf6 33.Rc8 Rf8 34.Rc6 a4 35.Rxd6 Rf7 36.Nd3 Kf8 37.Nxe5 Nxe5
38.Rxd8+ Ke7 39.Rb8 Nc4 40.Rxb5 Kd8 41.Rb8+ Kc7 42.Ra8 a3 43.Ra7+  1-0

[Event "Cannes Martinez op"]
[Site "Cannes"]
[Date "1996.??.??"]
[Round "8"]
[White "Villeneuve, Alain"]
[Black "Golubovic, Boris"]
[Result "1/2-1/2"]
[WhiteElo "2320"]
[BlackElo "2420"]

1.d4 Nf6 2.c4 g6 3.Nc3 Bg7 4.e4 d6 5.Be2 O-O 6.Nf3 e5 7.O-O Nc6 8.d5 Ne7
9.Nd2 Ne8 10.b4 f5 11.c5 Nf6 12.f3 f4 13.Nc4 g5 14.a4 Ng6 15.Ba3 Rf7 16.b5 dxc5
17.a5 b6 18.Bb2 Ne8 19.d6 bxa5 20.dxc7 Qd4+ 21.Kh1 Qxd1 22.Rfxd1 Nxc7 23.Rxa5 Be6
24.Na4 Rd7 25.Rc1 Bf7 26.Nxc5 Rdd8 27.Nb7 Rd7 28.Nc5 Rdd8 29.Nb7  1/2-1/2

[Event "Cannes Martinez op"]
[Site "Cannes"]
[Date "1996.??.??"]
[Round "9"]
[White "Derieux, Christian"]
[Black "Melloul, Claude"]
[Result "1/2-1/2"]
[WhiteElo "2145"]
[BlackElo "2060"]

1.d4 d6 2.c4 Nf6 3.Nc3 g6 4.e4 Bg7 5.Nf3 O-O 6.Be2 e5 7.O-O Nc6 8.d5 Ne7
9.b4 Nh5 10.g3 f5 11.Ng5 Nf6 12.f3 a5 13.bxa5 Rxa5 14.a4  1/2-1/2

[Event "Cappelle op"]
[Site "Cappelle la Grande "]
[Date "1996.??.??"]
[Round "1"]
[White "Ulibin, Mikhail"]
[Black "Degenhardt, Horst"]
[Result "1-0"]
[WhiteElo "2535"]
[BlackElo "2350"]

1.d4 Nf6 2.c4 g6 3.Nc3 Bg7 4.e4 d6 5.Nf3 O-O 6.Be2 e5 7.O-O Nc6 8.d5 Ne7
9.Nd2 a5 10.a3 Bd7 11.b3 Ne8 12.Rb1 f5 13.b4 axb4 14.axb4 Nf6 15.c5 Be8 16.f3 Bh6
17.Nc4 Bxc1 18.Qxc1 f4 19.Ra1 Rb8 20.Qa3 Nc8 21.Qb3 Kh8 22.b5 Nd7 23.c6 Nc5
24.Qc2 b6 25.Na4 Nxa4 26.Rxa4 g5 27.Rfa1 Ne7 28.Ra7 Bg6 29.Qc3 Kg8 30.Nxe5 dxe5
31.Qxe5 Rf7 32.Rxc7 Ra8 33.Rxa8 Qxa8 34.d6 Qa3 35.Qd4 Rf6 36.dxe7 Rd6 37.e8=Q+  1-0

[Event "Cappelle op"]
[Site "Cappelle la Grande "]
[Date "1996.??.??"]
[Round "1"]
[White "Ehrenfeucht, Wojciech"]
[Black "Atalik, Suat"]
[Result "0-1"]
[WhiteElo "2360"]
[BlackElo "2535"]

1.Nf3 Nf6 2.c4 g6 3.Nc3 Bg7 4.e4 d6 5.Be2 O-O 6.O-O e5 7.d4 Nc6 8.d5 Ne7
9.b4 Nh5 10.g3 f5 11.Ng5 Nf6 12.f3 a5 13.bxa5 Rxa5 14.Qb3 Bh8 15.Be3 f4 16.Bf2 fxg3
17.hxg3 Nh5 18.Ne6 Bxe6 19.dxe6 Nc6 20.Nb5 Qe7 21.Rfd1 b6 22.Kh2 Nd4 23.Nxd4 exd4
24.Bxd4 Bxd4 25.Rxd4 Rg5 26.Rg1 Rxg3 27.Rxg3 Qh4+ 28.Kg1 Qxg3+ 29.Kf1 Nf4
30.Qb2 Qg2+ 31.Ke1 Ra8 32.e7 Re8 33.c5 Qg1+ 34.Kd2 Nxe2 35.cxd6 cxd6 36.Rxd6 Nf4
37.Qf6 Qf2+ 38.Kc1 Rc8+ 39.Rc6 Nd3+ 40.Kd1 Qe1+ 41.Kc2 Nb4+ 42.Kb2 Qe2+ 43.Kb3 Nxc6
44.Qxc6 Qxf3+ 45.Kb2 Rxc6 46.e8=Q+ Kg7 47.Qxc6 Qf6+ 48.Qc3 Qxc3+  0-1

[Event "Cappelle op"]
[Site "Cappelle la Grande "]
[Date "1996.??.??"]
[Round "7"]
[White "Ulibin, Mikhail"]
[Black "Stanec, Nikolaus"]
[Result "1/2-1/2"]
[WhiteElo "2535"]
[BlackElo "2490"]

1.d4 Nf6 2.c4 g6 3.Nc3 Bg7 4.e4 d6 5.Nf3 O-O 6.Be2 e5 7.O-O Nc6 8.d5 Ne7
9.Nd2 a5 10.a3 Nd7 11.Rb1 f5 12.b4 Kh8 13.Qc2 Ng8 14.exf5 gxf5 15.f4 axb4
16.axb4 Ne7 17.Nf3 exf4 18.Bxf4 Ne5 19.Qd2 N7g6 20.Bg5 Bf6 21.Bxf6+ Rxf6
22.Nd4 Bd7 23.c5 Qe7 24.c6 Bc8 25.cxb7 Bxb7 26.Rxf5 Raf8 27.Rbf1 Bc8 28.Nc6 Qg7
29.Rxf6 Rxf6 30.Rxf6 Qxf6 31.Ne4 Qh4 32.Nxe5 Nxe5 33.Ng5 Bb7 34.Ne6 Qe7 35.b5 Bc8
36.Qg5 Qxg5 37.Nxg5 Bf5 38.Nf3 Nxf3+ 39.gxf3 Kg7 40.Kf2 Kf6 41.Ke3 h6 42.f4 Bh3
43.Kf3 Bf5 44.Bf1 Bc2 45.Bh3 Bd3 46.Bd7 Ke7 47.Ke3 Bf1 48.Bc6 Kf6 49.Kf3 Bc4
50.Ke4  1/2-1/2

[Event "WLS-ch"]
[Site "Cardiff"]
[Date "1996.??.??"]
[Round "2"]
[White "Martin, David"]
[Black "Saunders, John C"]
[Result "1/2-1/2"]
[WhiteElo "2155"]
[BlackElo "2245"]

1.d4 g6 2.Nf3 Nf6 3.c4 Bg7 4.Nc3 d6 5.e4 O-O 6.Be2 e5 7.O-O Nc6 8.d5 Ne7
9.Ne1 Nd7 10.f3 f5 11.g4 Nf6 12.Ng2 h6 13.Be3 c5 14.Rb1 Bd7 15.b4 b6 16.h3 Qc8
17.Qc1 fxg4 18.hxg4 g5 19.bxc5 bxc5 20.Nb5 Ne8 21.Qa3 Ng6 22.Nxd6 Nxd6 23.Bxc5 Ne8
24.Bf2 Nf6 25.c5 Nxe4 26.fxe4 Bxg4 27.Ba6 Qe8 28.Bb7 Nf4 29.Nxf4 gxf4 30.Rb3 Qg6
31.Kh2 f3 32.Bh4 Qh5 33.Kg3 Bd7 34.Rfxf3 Qg4+ 35.Kh2 Qxh4+ 36.Kg2 Rxf3 37.Rxf3 Rf8
38.Rxf8+ Bxf8 39.d6 Be6 40.Qd3 Qg4+ 41.Kh2 Qh5+ 42.Kg2 Qg6+ 43.Kh2 Qf7 44.c6 Qf2+
45.Kh1 Bg4 46.c7 Bf3+ 47.Qxf3 Qxf3+ 48.Kh2 Qh5+ 49.Kg2 Qg4+ 50.Kh2 Bxd6 51.c8=Q+ Qxc8
52.Bxc8 Kg7 53.Be6 Kf6 54.Bd5 Kg5 55.Kh3  1/2-1/2

[Event "Catalunya-chT"]
[Site "Catalunya"]
[Date "1996.??.??"]
[Round "?"]
[White "Oms Pallise, Josep"]
[Black "Torrecillas Martinez, Antonio"]
[Result "1/2-1/2"]
[WhiteElo "2375"]
[BlackElo "2345"]

1.Nf3 Nf6 2.c4 g6 3.Nc3 Bg7 4.e4 d6 5.d4 O-O 6.Be2 e5 7.O-O Nc6 8.d5 Ne7
9.Nd2 a5 10.Rb1 Nd7 11.a3 f5 12.b4 Kh8 13.f3 Ng8 14.Qc2 Ngf6 15.Bd3 f4 16.Nb5 b6
17.Bb2 Ne8 18.Be2 h5 19.c5 bxc5 20.Nb3 axb4 21.axb4 cxb4 22.Ra1 Rxa1 23.Rxa1 Nb6
24.Na5 Rf7 25.Nc6 Qh4 26.Nba7 Bd7 27.Nb8 Kh7 28.Nxd7 Nxd7 29.Bb5 g5 30.Qf2 Qxf2+
31.Kxf2 g4 32.Nc6 Bf6 33.Nxb4 Bh4+ 34.Kf1 Nef6 35.Na6 Nb6 36.Rc1 gxf3 37.gxf3 Nfxd5
38.exd5 Nxd5 39.Bd3+ Kh6 40.Kg1 c5 41.Nxc5 dxc5 42.Rxc5 Rg7+ 43.Kh1 Nb4 44.Bxe5  1/2-1/2

[Event "Catalunya-chT"]
[Site "Catalunya"]
[Date "1996.??.??"]
[Round "?"]
[White "Formanek, Edward W"]
[Black "Baron Isanta, Jose Maria"]
[Result "1-0"]
[WhiteElo "2355"]
[BlackElo "2310"]

1.d4 Nf6 2.c4 g6 3.Nc3 Bg7 4.e4 d6 5.Be2 O-O 6.Nf3 e5 7.O-O Nc6 8.d5 Ne7
9.Ne1 Ne8 10.f3 f5 11.Nd3 f4 12.g4 Bf6 13.Bd2 h5 14.h3 Bh4 15.Kg2 g5 16.Nf2 Nf6
17.Nh1 Rf7 18.Rg1 Qf8 19.Kf1 hxg4 20.hxg4 Qh6 21.Bd3 Bg3 22.Nxg3 fxg3 23.Qe1 Nxg4
24.Rxg3 Qh1+ 25.Ke2 Qh2+ 26.Kf1 Qh1+ 27.Ke2 Qh2+ 28.Kf1 Nh6 29.Qf2 Qh1+ 30.Rg1 Qh3+
31.Ke2 Bg4 32.Rg3 Qh5 33.Rag1 Raf8 34.Ke1 Rxf3 35.Rxf3 Rxf3 36.Qxf3 Bxf3
37.Rxg5+ Kh7 38.Rxh5 Bxh5 39.Nb5 Nf7 40.Nxc7 Kg6 41.Bb4 Nc8 42.Kf2 Bg4 43.a4 Bd7
44.a5 Nh6 45.Be2 Kf7 46.Bd2 Ng4+ 47.Kf3 Nf6 48.Bf1 Ba4 49.Bd3 Bd1+ 50.Kf2 Bb3
51.Nb5 Nd7 52.Bb4 Ke7 53.Ke3 Nc5  1-0

[Event "Ceske Budejovice op"]
[Site "Ceske Budejovice"]
[Date "1996.??.??"]
[Round "2"]
[White "Vokac, Marek"]
[Black "Maskova, Jana"]
[Result "1-0"]
[WhiteElo "2470"]
[BlackElo "2255"]

1.d4 Nf6 2.c4 g6 3.Nc3 Bg7 4.e4 d6 5.Be2 O-O 6.Nf3 e5 7.O-O Nc6 8.d5 Ne7
9.Ne1 Ne8 10.Nd3 f5 11.f4 exf4 12.Bxf4 fxe4 13.Nxe4 Nf5 14.Kh1 a5 15.Qd2 Qe7
16.Bf3 Nd4 17.Rae1 Be5 18.Bg5 Qd7 19.Nxe5 dxe5 20.Bd1 Rf5 21.g4 Rf7 22.Nc5 Qd6
23.Rxf7 Kxf7 24.Rf1+ Kg8 25.Qf2  1-0

[Event "Cetinje"]
[Site "Cetinje"]
[Date "1996.??.??"]
[Round "?"]
[White "Nikcevic, Nebojsa"]
[Black "Zimmerman, Yuri"]
[Result "1-0"]
[WhiteElo "2485"]
[BlackElo "2430"]

1.Nf3 Nf6 2.c4 g6 3.Nc3 Bg7 4.e4 d6 5.d4 O-O 6.Be2 e5 7.O-O Nc6 8.d5 Ne7
9.b4 Nh5 10.Re1 h6 11.Nd2 Nf4 12.Bf1 f5 13.c5 Kh8 14.f3 fxe4 15.fxe4 Ng8
16.Nc4 Rf7 17.a4 Bf8 18.Ra2 Kh7 19.Bxf4 Rxf4 20.g3 Rf7 21.c6 b6 22.a5 Rb8
23.axb6 axb6 24.Bg2 h5 25.Rf1 Rxf1+ 26.Qxf1 Nf6 27.Nb5 Kg7 28.Ra7 Ne8 29.Bh3 Be7
30.Be6 Bxe6 31.dxe6 Bf6 32.Ne3 Ra8 33.Rxa8 Qxa8 34.Nd5 Qd8 35.Kg2 h4 36.gxh4 Kh6
37.Nbxc7 Bxh4 38.Nxe8 Qxe8 39.c7 Qa8 40.Qc1+ Bg5 41.c8=Q  1-0

[Event "Cetinje"]
[Site "Cetinje"]
[Date "1996.??.??"]
[Round "?"]
[White "Tosic, Miroslav"]
[Black "Popovic, Mladen"]
[Result "1/2-1/2"]
[WhiteElo "2415"]
[BlackElo "2305"]

1.d4 Nf6 2.c4 g6 3.Nc3 Bg7 4.e4 d6 5.Nf3 O-O 6.Be2 e5 7.O-O Nc6 8.d5 Ne7
9.Ne1 Ne8 10.Nd3 f5 11.Bd2 Nf6 12.f3 f4 13.c5  1/2-1/2

[Event "Ciego de Avila"]
[Site "Ciego de Avila"]
[Date "1996.??.??"]
[Round "7"]
[White "Ramon, Vivian"]
[Black "Minero Pineda, Sergio"]
[Result "1-0"]
[WhiteElo "2260"]
[BlackElo "2405"]

1.d4 Nf6 2.c4 g6 3.Nc3 Bg7 4.e4 d6 5.Nf3 O-O 6.Be2 e5 7.O-O Nc6 8.d5 Ne7
9.b4 a5 10.bxa5 Rxa5 11.Ne1 Nd7 12.Nd3 f5 13.Bd2 Kh8 14.f3 f4 15.a4 c5 16.Rb1 h5
17.Rb5 Ra6 18.Qb3 g5 19.Nf2 Ng6 20.Rb1 Nh4 21.h3 Rg8 22.Qd1 Bh6 23.a5 Nf6
24.Na4 g4 25.hxg4 hxg4 26.fxg4 Nh5 27.Nb6 Rxb6 28.Rxb6 Ng3 29.Bf3 Rg7 30.a6 bxa6
31.Rb8 Kh7 32.R1b6 Rg8 33.Rc6 Qd7 34.Ba5 Nxf3+ 35.gxf3 Kh8 36.Rc7  1-0

[Event "Capablanca mem-C"]
[Site "Cienfuegos"]
[Date "1996.??.??"]
[Round "8"]
[White "Clavijo, Jorge Mario"]
[Black "Pupo, Emilio"]
[Result "1-0"]
[WhiteElo "2380"]
[BlackElo "2435"]

1.d4 Nf6 2.c4 g6 3.Nc3 Bg7 4.e4 d6 5.Be2 O-O 6.Nf3 e5 7.O-O Nc6 8.d5 Ne7
9.Bd2 Nh5 10.g3 Nf6 11.Rc1 h6 12.Nh4 Ne8 13.Be3 Bh3 14.Re1 g5 15.Ng2 f5 16.exf5 Nxf5
17.Bg4 Bxg4 18.Qxg4 Qc8 19.Qd1 Nf6 20.Qd3 Nd4 21.Bxd4 Qh3 22.f3 exd4 23.Nb5 Nd7
24.Nxc7 Nc5 25.Qd1 Rad8 26.Ne6 Nxe6 27.Rxe6 Rfe8 28.Rxe8+ Rxe8 29.Qd3 Qh5
30.b3 Re5 31.Re1 Qe8 32.Rxe5 Qxe5 33.Qe4 Qxe4 34.fxe4 d3 35.Kf2 Bd4+ 36.Ke1 Bc3+
37.Kd1 g4 38.Nf4 d2 39.a3 Bb2 40.Kxd2 Bxa3 41.Nd3 a5 42.Ke3  1-0

[Event "Capablanca mem-C"]
[Site "Cienfuegos"]
[Date "1996.??.??"]
[Round "10"]
[White "Blanco Fernandez, Alvaro"]
[Black "Pupo, Emilio"]
[Result "1-0"]
[WhiteElo "2415"]
[BlackElo "2435"]

1.d4 Nf6 2.c4 g6 3.Nc3 Bg7 4.e4 d6 5.Be2 O-O 6.Nf3 e5 7.O-O Nc6 8.d5 Ne7
9.b4 Nh5 10.Re1 h6 11.Nd2 Nf4 12.Bf1 a5 13.bxa5 c5 14.dxc6 bxc6 15.Nb3 c5
16.Nb5 Ra6 17.Qd2 Ne6 18.Ba3 g5 19.h4 g4 20.Rad1 Nd4 21.N5xd4 exd4 22.e5 g3
23.exd6 Nf5 24.fxg3 Nxg3 25.Qf4 Nh5 26.Qh2 Bg4 27.Bxc5 Bxd1 28.Rxd1 Rxa5
29.Bxd4 Rxa2 30.c5 Qb8 31.Bxg7 Qxb3 32.Rd3 Qc2 33.Bd4 Kh7 34.Rf3 Qd1 35.Qe5 Qxf3
36.gxf3 Rg8+ 37.Bg2 Rgxg2+ 38.Kf1 Ng3+ 39.Ke1  1-0

[Event "Club Tres Peons"]
[Site "?"]
[Date "1996.??.??"]
[Round "6"]
[White "Vidarte Morales, Arturo"]
[Black "Yepes Martinez, Eduard"]
[Result "0-1"]
[WhiteElo "2410"]
[BlackElo "2320"]

1.d4 Nf6 2.c4 g6 3.Nc3 Bg7 4.e4 d6 5.Nf3 O-O 6.Be2 e5 7.O-O Nc6 8.d5 Ne7
9.Ne1 Ne8 10.Be3 f5 11.f3 f4 12.Bf2 h5 13.c5 Rf7 14.a4 g5 15.a5 Ng6 16.Nd3 Bf8
17.c6 Nf6 18.cxb7 Bxb7 19.Nb4 Rg7 20.Nc6 Qe8 21.Kh1 g4 22.Nxa7 g3 23.Bg1 gxh2
24.Bf2 Ne7 25.Kxh2 Qg6 26.Rg1 Rxa7 27.Nb5 Ra8 28.Nxc7 Rc8 29.Ne6 Rh7 30.g3 Ng4+
31.Kg2 fxg3 32.Bb6 Nf6 33.Rc1 h4 34.Kh3 Nfxd5 35.exd5 Nxd5  0-1

[Event "Politiken Cup"]
[Site "Copenhagen"]
[Date "1996.??.??"]
[Round "2"]
[White "Hvenekilde, Jorgen"]
[Black "Tseshkovsky, Vitaly"]
[Result "1/2-1/2"]
[WhiteElo "2315"]
[BlackElo "2540"]

1.d4 d6 2.Nf3 g6 3.c4 Bg7 4.Nc3 Nf6 5.e4 O-O 6.Be2 e5 7.O-O Nc6 8.d5 Ne7
9.Ne1 Ne8 10.Nd3 f5 11.Bd2 Nf6 12.f3 h5 13.Rc1 c6 14.b4 cxd5 15.cxd5 Bd7
16.Nf2 f4 17.Bb5 Bc8 18.a4 g5 19.Be2 Rf7 20.Nb5 Ne8 21.Qb3 Bf6 22.Rc2 Rg7
23.h3 Bd7 24.Rfc1 g4 25.fxg4 Bh4 26.Be1 hxg4 27.Bxg4 Bxg4 28.Nxg4 Bxe1 29.Rxe1 Kh7
30.Qf3 a6 31.Na3 Ng6 32.Nc4 Qg5 33.Rec1 Nh4 34.Qf2 Nf6 35.Nxd6 Nxg4 36.hxg4 Qxg4
37.Rc7 Rg8 38.Nf5 Nxf5 39.exf5 e4 40.f6 Rxc7 41.Rxc7+ Kg6 42.f7 Qd1+  1/2-1/2

[Event "Obro Nytaar op"]
[Site "Copenhagen"]
[Date "1996.??.??"]
[Round "5"]
[White "Henrichsen, Jens"]
[Black "Carlsson, Daniel"]
[Result "0-1"]
[WhiteElo "2075"]
[BlackElo "2195"]

1.d4 Nf6 2.c4 g6 3.Nc3 Bg7 4.e4 O-O 5.Be2 d6 6.Nf3 e5 7.O-O Nc6 8.d5 Ne7
9.b4 a5 10.bxa5 Rxa5 11.Nd2 Nd7 12.Nb3 Ra8 13.a4 f5 14.f3 Kh8 15.Be3 f4 16.Bf2 g5
17.c5 Rf6 18.cxd6 cxd6 19.Nb5 Rh6 20.Qc2 Qe8 21.Rfc1 Qh5 22.h3 Nf8 23.Bf1 g4
24.fxg4 Bxg4 25.Nxd6 Bxh3 26.gxh3 Rxd6 27.Bc5 Rg6+ 28.Kh2 Bf6 29.Ra2 Nd7
30.Bb4 Rag8 31.Qe2 f3 32.Qf2 Bh4 33.Qe3 Bg3+ 34.Kh1 Bf4 35.Qf2 Qg5 36.Bb5 Qg2+  0-1

[Event "Copenhagen KS"]
[Site "Copenhagen"]
[Date "1996.??.??"]
[Round "5"]
[White "Sher, Miron N"]
[Black "Volke, Karsten"]
[Result "1-0"]
[WhiteElo "2475"]
[BlackElo "2475"]

1.Nf3 Nf6 2.c4 g6 3.Nc3 Bg7 4.e4 d6 5.d4 O-O 6.Be2 e5 7.O-O Nc6 8.d5 Ne7
9.b4 Nh5 10.Re1 h6 11.Nd2 Nf4 12.Bf1 g5 13.c5 f5 14.cxd6 cxd6 15.Nc4 Rf6
16.a4 Bd7 17.g3 Nfg6 18.exf5 Bxf5 19.Bd3 Rc8 20.Bb2 Qd7 21.Ne3 Rcf8 22.Nxf5 Nxf5
23.Ne4 R6f7 24.Qh5 Nfe7 25.Be2 Nh8 26.Bg4 Nf5 27.b5 Qc7 28.Ba3 Qc2 29.Bxf5 Rxf5
30.Bxd6 Rd8 31.Qg4 Rf7 32.Qe6 Kh7 33.Be7 Rxd5 34.Qxd5 Rxe7 35.Rec1 Qb2 36.Rd1 Ng6
37.Rac1 Qb4 38.Rc8 Nf8 39.Qd3 Ng6 40.Qc4 Qxc4 41.Rxc4 Nf8 42.Rc8 Ne6 43.Rd5 b6
44.Kg2 g4 45.h3 h5 46.hxg4 hxg4 47.Rd6 Kg6 48.Nd2 Kf5 49.Nf1 Bh6 50.Nh2 Bg5
51.Rg8 Bc1 52.Nxg4 Ba3 53.Ne3+ Kf6 54.Rd3 Kf7 55.Rh8  1-0

[Event "Politiken Cup"]
[Site "Copenhagen"]
[Date "1996.??.??"]
[Round "8"]
[White "Ostergaard, Jens"]
[Black "Harestad, Hans Krogh"]
[Result "1-0"]
[WhiteElo "2300"]
[BlackElo "2145"]

1.d4 Nf6 2.c4 g6 3.Nc3 Bg7 4.e4 d6 5.Nf3 O-O 6.Be2 e5 7.O-O Nc6 8.Be3 Re8
9.dxe5 dxe5 10.c5 Be6 11.Bb5 Nd7 12.Qa4 Ndb8 13.Rfd1 Qc8 14.Ng5 Bg4 15.f3 Bd7
16.f4 Nd4 17.Qc4 Ne6 18.Bxd7 Nxd7 19.f5 Nxg5 20.Bxg5 Bf8 21.b4 c6 22.fxg6 hxg6
23.Rf1 Re6 24.Rxf7 Kxf7 25.Rf1+ Kg7 26.Qxe6 Qe8 27.Qh3 Kg8 28.Rd1 Nb8 29.Rd8 Qf7
30.Bh6  1-0

[Event "Politiken Cup"]
[Site "Copenhagen"]
[Date "1996.??.??"]
[Round "11"]
[White "Harestad, Hans Krogh"]
[Black "Rasmussen, P."]
[Result "0-1"]
[WhiteElo "2145"]
[BlackElo "2285"]

1.d4 Nf6 2.c4 g6 3.Nc3 Bg7 4.e4 d6 5.Nf3 O-O 6.Be2 e5 7.O-O Nc6 8.d5 Ne7
9.Nd2 a5 10.Rb1 Nd7 11.a3 f5 12.b4 Kh8 13.f3 f4 14.Qc2 axb4 15.axb4 Nf6 16.c5 h5
17.Nc4 g5 18.Ba3 g4 19.cxd6 cxd6 20.b5 Rxa3 21.Nxa3 g3 22.b6 Ng6 23.Ncb5 Nh7
24.Rfc1 Qh4 25.h3 Bxh3 26.gxh3 Ng5 27.Bf1 Nxf3+ 28.Kh1 Ng5 29.Nxd6 f3 30.Nf5 Rxf5
31.exf5 Nxh3 32.Bxh3 Qxh3+ 33.Kg1 f2+ 34.Qxf2 gxf2+ 35.Kxf2 Qxf5+ 36.Ke1 Qe4+
37.Kf2 Nf4 38.Rc2 Qg2+  0-1

[Event "CZE-chT 9596"]
[Site "?"]
[Date "1996.??.??"]
[Round "3"]
[White "Pekarek, Ales"]
[Black "Jirovsky, Petr"]
[Result "1-0"]
[WhiteElo "2445"]
[BlackElo "2295"]

1.Nf3 Nf6 2.c4 g6 3.Nc3 Bg7 4.e4 d6 5.Be2 O-O 6.d4 e5 7.O-O Nc6 8.d5 Ne7
9.Bd2 Ne8 10.b4 f5 11.Qb3 Nf6 12.c5 h6 13.Qc4 fxe4 14.Nxe4 Nfxd5 15.Rad1 Be6
16.cxd6 cxd6 17.Qb5 b6 18.Qa4 Kh8 19.b5 Qd7 20.Qa3 Rad8 21.Bc1 Nc8 22.Nh4 Qf7
23.Qg3 Nde7 24.f4 Bf5 25.fxe5 dxe5 26.Rxd8 Rxd8 27.Nxf5 gxf5 28.Qh3 Qg6 29.Ng3 f4
30.Nh5 Nf5 31.Nxg7 Kxg7 32.Bd3 Nce7 33.Bb2 Rd5 34.Rxf4 Kf6 35.Qf3 Qg5 36.Rxf5+ Nxf5
37.Qxd5 Qe3+ 38.Kf1 Qf4+ 39.Ke2 Qxh2 40.Qc6+ Kg5 41.Bc1+  1-0

[Event "CZE-chT 9596"]
[Site "?"]
[Date "1996.??.??"]
[Round "4"]
[White "Bakalar, Petr"]
[Black "Tatarko, Jan"]
[Result "1-0"]
[WhiteElo "2355"]
[BlackElo "2315"]

1.d4 Nf6 2.c4 g6 3.Nc3 Bg7 4.e4 O-O 5.Nf3 d6 6.Be2 e5 7.O-O Nc6 8.d5 Ne7
9.Ne1 Nd7 10.f3 f5 11.g4 Nf6 12.Nd3 h6 13.h4 a6 14.Be3 Bd7 15.c5 Qc8 16.cxd6 cxd6
17.Nf2 fxg4 18.fxg4 h5 19.g5 Ng4 20.Nxg4 Rxf1+ 21.Kxf1 Bxg4 22.Bxg4 hxg4
23.Kg2 Nf5 24.exf5 gxf5 25.h5 f4 26.h6 Qf5 27.hxg7 Kxg7 28.Bxf4 exf4 29.Qd4+ Kg6
30.Re1 Qxg5 31.Re6+ Kh5 32.Qf6 Kh4 33.Qxg5+ Kxg5 34.Ne4+ Kf5 35.Nxd6+ Kg5
36.Ne4+ Kf5 37.Nd6+ Kg5 38.Nf7+ Kf5 39.Nh6+ Kg5 40.d6 Rc8 41.d7 Rc2+ 42.Kf1 Rd2
43.d8=Q+  1-0

[Event "CZE-chT 9596"]
[Site "?"]
[Date "1996.??.??"]
[Round "5"]
[White "Kozak, Milos"]
[Black "Tatarko, Jan"]
[Result "0-1"]
[WhiteElo "2285"]
[BlackElo "2315"]

1.d4 Nf6 2.c4 g6 3.Nc3 Bg7 4.e4 O-O 5.Nf3 d6 6.Be2 e5 7.O-O Nc6 8.d5 Ne7
9.Ne1 Ne8 10.Be3 f5 11.f3 f4 12.Bf2 g5 13.c5 h5 14.a4 Rf6 15.a5 Rg6 16.cxd6 cxd6
17.Nb5 Bd7 18.Nxa7 Nc8 19.Nxc8 Bxc8 20.Bb6 Qe7 21.Bb5 g4 22.Qc2 h4 23.Rc1 Bf8
24.Qxc8 Rxc8 25.Rxc8 Qg5 26.Bxe8 Rg7 27.Bd8 Qh6 28.fxg4 h3 29.g5 Qh4 30.g6 Qg4
31.Bf7+ Rxf7 32.gxf7+ Kxf7 33.Rc3 hxg2 34.Nxg2 Qe2 35.Rcf3 Ke8 36.Bb6 Be7
37.Rc3 Qxe4 38.Rc8+ Kf7 39.Bd8 Bxd8 40.Rxd8 f3 41.Ne1 Qe3+ 42.Kh1 f2 43.Ng2 Qe2
44.Ne3 Qxe3 45.Rd7+ Ke8 46.Rg7 Qf3+ 47.Rg2 e4 48.Rxf2 Qd1+ 49.Rg1 Qxd5 50.Re1 Qd4
51.Rfe2 d5 52.Kg2 Qf6 53.Rxe4+ dxe4 54.Rxe4+ Kd7 55.b4 Qg6+ 56.Kf3 Qh5+ 57.Kg3 Kc6
58.Rc4+ Kd6 59.Rd4+ Ke5 60.Rg4 Qf5 61.h3 Qd3+ 62.Kg2 Kf5 63.Kh2 Qf3  0-1

[Event "CZE-chT 9596"]
[Site "?"]
[Date "1996.??.??"]
[Round "8"]
[White "Firt, Stanislav"]
[Black "Chytilek, Roman"]
[Result "1/2-1/2"]
[WhiteElo "2375"]
[BlackElo "2320"]

1.d4 Nf6 2.c4 g6 3.Nc3 Bg7 4.e4 d6 5.Be2 O-O 6.Nf3 e5 7.O-O Nc6 8.d5 Ne7
9.b4 a5 10.Ba3 Nh5 11.g3 axb4 12.Bxb4 f5 13.Ng5 Nf6 14.c5 fxe4 15.cxd6 cxd6
16.Ncxe4 Nxe4 17.Nxe4 Nf5 18.a4 h5 19.a5 Rf7 20.Qd3 b6 21.Rfc1 Rfa7 22.Rc6 Ba6
23.Qd1 Bxe2 24.Qxe2 Nd4 25.Qd1 Nxc6 26.dxc6 d5 27.Nd6 d4 28.Qb3+ Kh7 29.Nb5 bxa5
30.Nxa7 Rxa7 31.Bc5 Ra8 32.Qf7 Rc8 33.Qb7 Qc7 34.Qxc7 Rxc7 35.Rxa5 Rxc6 36.f3 Bh6
37.Kf1 Kg7 38.Ke2 Kf7  1/2-1/2